| 000 | 00550nam a2200193Ia 4500 | ||
|---|---|---|---|
| 005 | 20250704124651.0 | ||
| 008 | 008 250516s9999 xx 000 0 hin d | ||
| 020 | _a9789393765093 | ||
| 040 |
_beng _cSDCL |
||
| 041 |
_ahin _2hin |
||
| 084 | _aQ22:224v4 R3 | ||
| 100 |
_aPandey Rajendra Nath _9815188 |
||
| 245 | 0 | _aMahabharat Me Shri Narad | |
| 246 | _aमहाभारत मै श्रीनारद | ||
| 260 |
_aNew Delhi: _bIntellectual Publishing House, _c2023. |
||
| 300 | _a302p. | ||
| 650 | _aSanskrit | ||
| 942 |
_cTEXL _2CC |
||
| 999 |
_c1430154 _d1430154 |
||